| 000 | 00674cam a22002411 4500 | ||
|---|---|---|---|
| 001 | sa 68009870 | ||
| 003 | DLC | ||
| 005 | 20260227112547.0 | ||
| 008 | 890918s1968 ii b 000 0 gujo | ||
| 010 | _asa 68009870 | ||
| 035 | _a(OCoLC)20361303 | ||
| 040 |
_aDLC _cWaU _dDLC |
||
| 042 | _apremarc | ||
| 050 | 0 | 0 |
_aPK1859.M4 _bZ82 |
| 100 | 1 |
_aPāṭhaka, Jayanta Himmatalāla, _d1920-2003. |
|
| 245 | 1 | 0 | _aJhaveracanda Meghāṇī: jīvani ane sāhitya. |
| 260 | _c[1968] | ||
| 300 |
_a2, 168 p. _c22 cm. |
||
| 500 | _aIn Gujarati. | ||
| 504 | _aBibliographical footnotes. | ||
| 600 | 1 | 0 |
_aMeghani, Zaverchand Kalidas, _d1896-1947. |
| 700 | 1 |
_aPatel, Jayant, _d1936- |
|
| 999 |
_c83205 _d83205 |
||